Statistics for Chelyabinsk Airport Destinations (Chelyabinsk, Russia)

Click here to take the quiz!

General Stats

  • This quiz has been taken 8 times
  • The average score is 13 of 28

Answer Stats

AirlineDestination% Correct
S7 Airlines/Ural AirlinesMoscow (Domodedovo)
100%
Aeroflot/PobedaMoscow (Sheremetyevo)
100%
PobedaMoscow (Vnukovo)
100%
Aeroflot/Pobeda/Rossiya/RusLine/SmartaviaSaint Petersburg
100%
Red Wings AirlinesAlmaty
67%
Pobeda/Red Wings Airlines/Turkish AirlinesAntalya
67%
IrAeroBaku
67%
Red Wings AirlinesIstanbul
67%
Red Wings AirlinesNizhny Novgorod
67%
S7 AirlinesNovosibirsk
67%
Aeroflot/Nordwind Airlines/NordStar Airlines/Pobeda/Smartavia/Ural AirlinesSochi
67%
Red Wings AirlinesKazan
50%
Red Wings AirlinesTbilisi
50%
Red Wings AirlinesVolgograd
50%
Ural AirlinesDushanbe
33%
Red Wings AirlinesKrasnoyarsk (International)
33%
Red Wings AirlinesYerevan
33%
Ural AirlinesKhujand
17%
Nordwind Airlines/Red Wings AirlinesMakhachkala
17%
AzimuthMineralnye Vody
17%
NordStar Airlines/Red Wings AirlinesNorilsk
17%
Ural AirlinesOsh
17%
Azur AirPhuket
17%
Azur AirSharm El Sheikh
17%
UtairSurgut
17%
UtairKhanty-Mansiysk
0%
RusLineNaryan-Mar
0%
Red Wings Airlines/YamalNovy Urengoy
0%

Score Distribution

Percentile by Number Answered

Percent of People with Each Score

Your Score History

You have not taken this quiz